[Event "Challenge"]
[Site "http://www.queenalice.com/game.php?id=901482"]
[Date "2011.2.16"]
[Round "-"]
[White "Scaracioli"]
[Black "pauldavidkrewson"]
[Result "1/2-1/2"]
[WhiteElo "1645"]
[BlackElo "1621"]

1. e4 e5 2. a3 Nf6 3. d3 g6 4. Bg5 Be7 5. Nf3 Nc6 6. c3 O-O 7. Be2 d6 8. h3 a6
9. Nbd2 b5 10. Bxf6 Bxf6 11. d4 d5 12. dxe5 Nxe5 13. Nxe5 Bxe5 14. Nf3 Bg7 15.
exd5 Bb7 16. O-O Bxd5 17. a4 Bxf3 18. Bxf3 Qxd1 19. Raxd1 c5 20. Bxa8 Rxa8 21.
axb5 axb5 22. Rd5 Rc8 23. Rfd1 Bf6 24. g4 b4 25. cxb4 cxb4 26. b3 Rc3 27. Rd6
Be7 28. R6d3 Rc2 29. Kg2 g5 30. R1d2 Rxd2 31. Rxd2 Kg7 32. Rd7 Kf6 33. Kf3 Ke6
34. Rb7 Bc5 35. Ke4 Bxf2 36. Rxb4 Be1 37. Rb6+ Kd7 38. Rh6 Ke7 39. Rxh7 Kf8 40.
Kf5 Kg8 41. Rh6 Kg7 42. Rb6 Bf2 43. b4 Bxb6 44. Kxg5 Bd8+ 45. Kf5 f6 46. h4 Kh6
47. b5 Kg7 48. g5 fxg5 49. hxg5 Kf7 50. g6+ Kg7 51. Ke6 Kxg6 52. Kd6 Bh4 53. b6
Kf5 54. b7 Ke4 55. Kd7 Bg3 1/2-1/2

[Event "Challenge"]
[Site "http://www.queenalice.com/game.php?id=901821"]
[Date "2011.2.17"]
[Round "-"]
[White "pauldavidkrewson"]
[Black "Scaracioli"]
[Result "1-0"]
[WhiteElo "1603"]
[BlackElo "1666"]

1. e4 e5 2. Nf3 d6 3. Nc3 Bg4 4. Be2 a6 5. O-O h6 6. d4 Nd7 7. Be3 Bxf3 8. Bxf3
c6 9. dxe5 Nxe5 10. Qe2 b5 11. Bd4 Be7 12. Rad1 f6 13. a4 b4 14. Nb1 Nxf3+ 15.
Qxf3 c5 16. Be3 Qd7 17. b3 g5 18. e5 fxe5 19. Qxa8+ Bd8 20. Qxa6 Be7 21. Bxc5 h5
22. Bxb4 d5 23. Bxe7 Nxe7 24. c4 O-O 25. Nc3 d4 26. Ne4 Qf5 27. f3 g4 28. Qd6
Rf7 29. Ng3 Qf6 30. Qxf6 Rxf6 31. Nxh5 Rb6 32. Rb1 Nf5 33. fxg4 Ne3 34. Rf6 Rxf6
35. Nxf6+ Kf7 36. g5 Kg6 37. h4 d3 38. Kf2 Nf5 39. Rd1 Nxh4 40. Rxd3 Kxg5 41.
Rd6 Nf5 42. Ne4+ Kf4 43. Rf6 Kxe4 44. Rxf5 Kxf5 45. a5 1-0

[Event "Challenge"]
[Site "http://www.queenalice.com/game.php?id=902268"]
[Date "2011.2.18"]
[Round "-"]
[White "pauldavidkrewson"]
[Black "APSHOOTER"]
[Result "0-1"]
[WhiteElo "1601"]
[BlackElo "1709"]

1. e4 d5 2. Nc3 d4 3. Nd5 e6 4. Nf4 e5 5. Nd5 Nf6 6. Nxf6+ Qxf6 7. Nf3 a6 8. Bc4
Bg4 9. h3 Bxf3 10. Qxf3 Nd7 11. O-O Qxf3 12. gxf3 Nb6 13. d3 Nxc4 14. b3 Nd6 15.
Bb2 f5 16. Rae1 f4 17. c3 Nb5 18. a4 dxc3 19. Ba1 Bb4 20. Rc1 Nd4 21. Kg2 Nxb3
22. Bxc3 Bxc3 23. Rxc3 Nd4 24. Rxc7 O-O 25. Rxb7 g5 26. Rc1 Rf7 27. Rxf7 Kxf7
28. Rc7+ Kg6 29. Re7 Nc6 30. Re6+ Kh5 31. Rxc6 Rd8 32. Rxa6 Rxd3 33. Ra7 h6 34.
Rc7 Ra3 35. Rc4 Kh4 36. Kf1 Kxh3 37. Ke2 Kg2 38. Kd2 Rxf3 39. a5 Rxf2+ 40. Kc3
f3 41. Ra4 Re2 42. a6 f2 43. Ra1 Re1 44. Ra2 Kg1 45. a7 f1=Q 46. a8=Q Re3+ 47.
Kd2 Qd3+ 48. Kc1 Qc3+ 49. Rc2 Re1# 0-1

[Event "Let's Play Chess!"]
[Site "http://www.queenalice.com/game.php?id=903533"]
[Date "2011.2.21"]
[Round "-"]
[White "Hoschi"]
[Black "pauldavidkrewson"]
[Result "0-1"]
[WhiteElo "1693"]
[BlackElo "1584"]

1. e4 e5 2. Bc4 Nf6 3. d3 Bc5 4. Nc3 O-O 5. f4 d6 6. Nf3 Bg4 7. f5 Nc6 8. h3
Bxf3 9. Qxf3 Nd4 10. Qd1 Bb4 11. Bd2 b5 12. Bb3 a6 13. g4 c5 14. g5 Nd7 15. O-O
Bxc3 16. Bxc3 Qxg5+ 17. Kh2 Nf6 18. Bxd4 exd4 19. Rg1 Qf4+ 20. Rg3 Rad8 21. Qg1
Nh5 22. Rf1 Qe5 23. Bd5 Nxg3 24. Qxg3 c4 25. dxc4 bxc4 26. Qxe5 dxe5 27. Bxc4 a5
28. h4 h5 29. Rd1 Rb8 30. b3 Kh7 31. Kg3 f6 32. Be6 Rfd8 33. Bf7 Rd6 34. Bxh5
Rbd8 35. Bg6+ Kh8 36. h5 d3 0-1

[Event "Let's Play Chess!"]
[Site "http://www.queenalice.com/game.php?id=914857"]
[Date "2011.3.20"]
[Round "-"]
[White "plot24"]
[Black "pauldavidkrewson"]
[Result "1-0"]
[WhiteElo "1882"]
[BlackElo "1621"]

1. d4 d5 2. e3 c6 3. c3 Nf6 4. Bd3 e6 5. Qc2 g6 6. Nd2 Bg7 7. Ndf3 O-O 8. Bd2
Ng4 9. h3 Nf6 10. O-O-O Ne4 11. Bxe4 dxe4 12. Qxe4 Qd5 13. Qxd5 exd5 14. Ne2 Be6
15. g4 Nd7 16. Ng5 c5 17. dxc5 Nxc5 18. Be1 a5 19. h4 Rad8 20. f3 f5 21. Nxe6
Nxe6 22. g5 Nc7 23. Nd4 Bxd4 24. Rxd4 Nb5 25. Ra4 Ra8 26. Bd2 b6 27. e4 dxe4 28.
fxe4 Rad8 29. e5 f4 30. Bxf4 Nc7 31. Be3 Nd5 32. Re4 Nxe3 33. Rxe3 Kg7 34. Kc2
h6 35. e6 Rc8 36. Rd1 Rf2+ 37. Kb3 Kf8 38. gxh6 1-0

[Event "BEBADO"]
[Site "http://www.queenalice.com/game.php?id=914914"]
[Date "2011.3.20"]
[Round "-"]
[White "ven10"]
[Black "pauldavidkrewson"]
[Result "1-0"]
[WhiteElo "1338"]
[BlackElo "1600"]

1. e4 e5 2. Nf3 Nc6 3. d4 exd4 4. Nxd4 Nxd4 5. Qxd4 Nf6 6. Bd3 b6 7. e5 c5 8.
Qf4 Nh5 9. Qa4 Be7 10. g4 Bb7 11. Be4 Bxe4 12. Qxe4 O-O 13. gxh5 h6 14. Rg1 d5
15. Qg4 Bg5 16. h4 Bf6 17. exf6 Qxf6 18. Nc3 Rae8+ 19. Kd1 d4 20. Nd5 Qxf2 21.
Qxg7# 1-0

[Event "Let's Play Chess!"]
[Site "http://www.queenalice.com/game.php?id=915580"]
[Date "2011.3.21"]
[Round "-"]
[White "pauldavidkrewson"]
[Black "Cafecomleite"]
[Result "0-1"]
[WhiteElo "1600"]
[BlackElo "1112"]

1. e4 e5 2. Nf3 Nc6 3. Bc4 Nf6 4. Nc3 Bc5 5. O-O O-O 6. a3 d6 7. b4 Bd4 8. Nxd4
exd4 9. Nd5 Be6 10. d3 Ng4 11. c3 a6 12. h3 Nge5 13. cxd4 Nxd4 14. Bb2 c6 15.
Bxd4 cxd5 16. Ba2 Rc8 17. exd5 Qh4 18. dxe6 Qxd4 19. Qh5 g6 20. exf7+ Nxf7 21.
Bxf7+ Rxf7 22. Rac1 gxh5 23. Rxc8+ Kg7 24. Re1 Qxf2+ 0-1

[Event "Let's Play Chess!"]
[Site "http://www.queenalice.com/game.php?id=918143"]
[Date "2011.3.28"]
[Round "-"]
[White "pauldavidkrewson"]
[Black "igorjava"]
[Result "0-1"]
[WhiteElo "1592"]
[BlackElo "1782"]

1. e4 c5 2. Nf3 d6 3. c4 Nc6 4. d3 Nf6 5. Nc3 a6 6. a3 a5 7. g3 Bg4 8. Bg2 Qd7
9. Qc2 g6 10. O-O Bg7 11. Bg5 O-O 12. Rad1 Nd4 13. Qd2 Bxf3 14. Bxf6 Bxf6 15.
Nd5 Bxd1 16. Nxf6+ exf6 17. Qxd1 Rab8 18. f4 b5 0-1

[Event "Challenge"]
[Site "http://www.queenalice.com/game.php?id=919497"]
[Date "2011.3.30"]
[Round "-"]
[White "ORNELAS"]
[Black "pauldavidkrewson"]
[Result "0-1"]
[WhiteElo "1630"]
[BlackElo "1574"]

1. e4 e5 2. Bc4 Nf6 3. d3 Bc5 4. c3 d6 5. b4 Bb6 6. Qb3 O-O 7. Bg5 Qe8 8. Bxf6
gxf6 9. Nd2 f5 10. Ngf3 fxe4 11. Nxe4 c5 12. Neg5 Kg7 13. Qb1 f6 14. Qc1 cxb4
15. cxb4 Nc6 16. Ne4 Qd7 17. O-O d5 18. Bb5 dxe4 19. dxe4 Qg4 20. h3 Qxe4 21.
Bxc6 Qxc6 22. Qd2 a5 23. Qd3 axb4 24. Rfc1 Qd7 25. Qe4 Qb5 26. Qh4 Ra4 27. Qg3+
Kf7 28. Qh4 Bf5 29. Qh6 e4 30. Nh4 Rg8 31. Qh5+ Kg7 32. Nxf5+ Kf8 33. Qxh7 Qxf5
34. Qxb7 Qxf2+ 0-1

[Event "Challenge"]
[Site "http://www.queenalice.com/game.php?id=921110"]
[Date "2011.4.3"]
[Round "-"]
[White "Scaracioli"]
[Black "pauldavidkrewson"]
[Result "0-1"]
[WhiteElo "1684"]
[BlackElo "1583"]

1. e4 e5 2. a3 Nf6 3. d3 g6 4. Bg5 Bg7 5. Nf3 O-O 6. d4 Qe8 7. Qd3 Nc6 8. d5 Nd4
9. Nxd4 exd4 10. Qxd4 Nxe4 11. Qe3 Nxg5 12. c3 Qxe3+ 13. fxe3 d6 14. Nd2 c6 15.
h4 Ne6 16. dxe6 Bxe6 17. Bd3 Rae8 18. O-O-O a6 19. g3 b5 20. Ne4 d5 21. Nc5 Bg4
22. Rde1 Bh6 23. Nd7 Bxe3+ 24. Rxe3 Rxe3 25. Nxf8 Rxd3 26. Nxh7 Kxh7 27. Rg1 Kh6
28. Kc2 Bf5 29. Kb3 d4 30. Rc1 a5 31. Ka2 c5 32. cxd4 cxd4 33. Rc5 Rxg3 34. Rxb5
d3 35. Rxa5 d2 36. Rd5 Rd3 37. Rxd3 Bxd3 38. b4 d1=Q 39. a4 Qb1+ 40. Ka3 Bc4 0-1

[Event "Challenge"]
[Site "http://www.queenalice.com/game.php?id=921260"]
[Date "2011.4.3"]
[Round "-"]
[White "pauldavidkrewson"]
[Black "Scaracioli"]
[Result "0-1"]
[WhiteElo "1599"]
[BlackElo "1608"]

1. e4 e5 2. Nf3 d6 3. c3 Bg4 4. g3 Qf6 5. Be2 a6 6. O-O Bxf3 7. Bxf3 Nc6 8. b4
Nge7 9. Bb2 g5 10. d4 exd4 11. cxd4 Bg7 12. Na3 Nxd4 13. Rc1 c6 14. Bg2 Nf3+ 15.
Bxf3 Qxb2 16. Qb3 Qxb3 17. axb3 b5 18. Nc2 O-O 19. Rcd1 Rfd8 20. e5 Bxe5 21. Ne3
Bc3 22. Nc2 d5 23. Rd3 d4 24. Rfd1 a5 25. bxa5 Rxa5 26. Nxd4 Bxd4 27. Rxd4 Rxd4
28. Rxd4 f6 29. Rd7 Kf8 30. Be4 Ke8 0-1

[Event "Challenge"]
[Site "http://www.queenalice.com/game.php?id=922953"]
[Date "2011.4.7"]
[Round "-"]
[White "JabbaTheHutGoesMassive"]
[Black "pauldavidkrewson"]
[Result "1-0"]
[WhiteElo "1791"]
[BlackElo "1604"]

1. g3 e5 2. c4 Nf6 3. e3 Nc6 4. Bg2 g6 5. Ne2 Bg7 6. Nbc3 O-O 7. O-O d6 8. d4
Bg4 9. h3 Be6 10. d5 Qd7 11. dxe6 Qxe6 12. Nd5 Qd7 13. Nxf6+ Bxf6 14. c5 d5 15.
Bxd5 1-0

[Event "Challenge"]
[Site "http://www.queenalice.com/game.php?id=944011"]
[Date "2011.5.29"]
[Round "-"]
[White "Scaracioli"]
[Black "pauldavidkrewson"]
[Result "1-0"]
[WhiteElo "1637"]
[BlackElo "1605"]

1. e4 e5 2. Nf3 Nc6 3. d4 exd4 4. Nxd4 Nf6 5. Bg5 Be7 6. Nc3 O-O 7. Qd2 Qe8 8.
Be2 b6 9. f4 d6 10. Bb5 Bb7 11. O-O-O a6 12. Bc4 Rd8 13. h3 Nxd4 14. Qxd4 c5 15.
Qe3 b5 16. Be2 b4 17. Nb1 Bxe4 18. a4 a5 19. Bb5 Rd7 20. Bxd7 Qxd7 21. Bxf6 d5
22. Bxe7 Qxe7 23. Rhe1 Re8 24. Nd2 Bf5 25. Nf1 h6 26. Qxe7 1-0

[Event "Let's Play Chess!"]
[Site "http://www.queenalice.com/game.php?id=947743"]
[Date "2011.6.9"]
[Round "-"]
[White "positionalgenius"]
[Black "pauldavidkrewson"]
[Result "1-0"]
[WhiteElo "1943"]
[BlackElo "1552"]

1. e4 e5 2. Nf3 Nc6 3. d4 exd4 4. Nxd4 Nxd4 5. Qxd4 d6 6. Bc4 Be6 7. Bxe6 fxe6
8. O-O e5 9. Qd1 g6 10. f4 Bg7 11. f5 gxf5 12. Qh5+ Kd7 13. exf5 Nf6 14. Qf7+
Qe7 15. Qxe7+ Kxe7 16. Bg5 h6 17. Bxf6+ Bxf6 18. Nd2 Rhg8 19. Ne4 Rg4 20. Nxf6
Kxf6 21. h3 Rg3 22. Kh2 Rag8 23. Rf2 Kg5 24. f6 Kh4 25. c4 e4 26. Re1 e3 27.
Rf4+ Kh5 28. f7 1-0

[Event "Let's Play Chess!"]
[Site "http://www.queenalice.com/game.php?id=947744"]
[Date "2011.6.9"]
[Round "-"]
[White "pauldavidkrewson"]
[Black "positionalgenius"]
[Result "0-1"]
[WhiteElo "1574"]
[BlackElo "1874"]

1. e4 c5 2. Nf3 Nc6 3. Bc4 e6 4. O-O d5 5. exd5 exd5 6. Bb5 Bd6 7. Bxc6+ bxc6 8.
d4 cxd4 9. Qxd4 Nf6 10. Bg5 Be7 11. Re1 O-O 12. Nc3 h6 13. Qe5 hxg5 14. Nxg5 Re8
15. Qd4 Nh7 16. Nf3 Bf6 17. Qd3 Rb8 18. b3 Ba6 19. Qf5 Bxc3 20. Rxe8+ Qxe8 21.
Re1 Bxe1 22. Ne5 Bc3 23. Nd7 Qe1# 0-1

[Event "Challenge"]
[Site "http://www.queenalice.com/game.php?id=949520"]
[Date "2011.6.14"]
[Round "-"]
[White "Scaracioli"]
[Black "pauldavidkrewson"]
[Result "0-1"]
[WhiteElo "1583"]
[BlackElo "1592"]

1. e4 e5 2. Nf3 Nf6 3. Nc3 Nc6 4. d4 d6 5. d5 Ne7 6. h3 c6 7. Bc4 a6 8. Bg5 b5
9. Bb3 Qd7 10. Qd3 Bb7 11. g4 c5 12. Bxf6 gxf6 13. a3 c4 14. Bxc4 bxc4 15. Qxc4
Rc8 16. Qd3 h5 17. O-O-O hxg4 18. Ng1 gxh3 19. Rxh3 Ng6 20. Rf3 Nf4 21. Qf1 Bh6
22. Kb1 f5 23. exf5 Qxf5 24. Nh3 Qg4 25. Qh1 f5 26. Ng1 Kd7 27. Nh3 Bg7 28. Rg3
Rxh3 29. Rxg4 fxg4 30. Qe4 Kc7 31. Qc4+ Kb8 32. Qb4 Ka7 33. Qxd6 Rg8 34. Na4
Nxd5 35. Rxd5 Bxd5 36. Qxd5 Rb8 37. Qf7+ Rb7 38. Qg6 Rxa3 39. Qc6 Rb4 40. Nc5 e4
41. Qc7+ Ka8 42. Qxg7 e3 43. Qf8+ Rb8 44. Qf4 Rb4 45. Ne4 e2 46. Qf8+ Rb8 47.
Qxa3 e1=Q+ 48. Ka2 a5 49. Qa4 Ka7 50. c3 Ka6 51. Nc5+ Kb6 52. Nd7+ Kc7 53. Qf4+
Kxd7 54. Qxg4+ Qe6+ 55. Qxe6+ Kxe6 56. Ka3 Ke5 57. b4 axb4+ 58. cxb4 Kd5 59. Ka4
Kc4 60. f4 Rxb4+ 61. Ka5 Rb8 0-1

[Event "Challenge"]
[Site "http://www.queenalice.com/game.php?id=958753"]
[Date "2011.7.10"]
[Round "-"]
[White "pauldavidkrewson"]
[Black "RAMIROCHE"]
[Result "0-1"]
[WhiteElo "1550"]
[BlackElo "1666"]

1. e4 c6 2. Nf3 g6 3. d3 Bg7 4. Be2 e6 5. O-O Ne7 6. Nc3 O-O 7. Be3 d5 8. d4 Nd7
9. Bd3 Qc7 10. Qd2 c5 11. Bf4 Qa5 12. Bd6 Re8 13. Qg5 f6 14. Qh4 c4 15. Bxe7
Rxe7 16. e5 cxd3 17. cxd3 a6 18. exf6 Bxf6 19. Ng5 Qb6 20. Qh6 Qxb2 21. Rac1
Bxd4 0-1

[Event "Challenge"]
[Site "http://www.queenalice.com/game.php?id=962659"]
[Date "2011.7.20"]
[Round "-"]
[White "pauldavidkrewson"]
[Black "jamesxirb"]
[Result "0-1"]
[WhiteElo "1570"]
[BlackElo "1517"]

1. e4 d5 2. exd5 Qxd5 3. Nc3 Qd8 4. d4 Nc6 5. Bb5 Bd7 6. Ba4 g6 7. Nf3 f5 8. O-O
Nf6 9. Bf4 a6 10. Qe2 b5 11. Bb3 b4 12. Bd5 bxc3 13. bxc3 Nxd5 14. Be5 Rg8 15.
Rae1 Nxc3 16. Qc4 e6 0-1

[Event "Challenge"]
[Site "http://www.queenalice.com/game.php?id=963520"]
[Date "2011.7.22"]
[Round "-"]
[White "Scaracioli"]
[Black "pauldavidkrewson"]
[Result "1-0"]
[WhiteElo "1563"]
[BlackElo "1608"]

1. e4 e5 2. Nf3 Nf6 3. d3 Bc5 4. Bg5 Nc6 5. c3 O-O 6. b4 Bb6 7. Bxf6 Qxf6 8. Be2
d6 9. c4 Bg4 10. a3 Nd4 11. O-O 1-0